| 000 | 00802nam a2200241 i 4500 | ||
|---|---|---|---|
| 001 | 130932 | ||
| 003 | ES-MaACL | ||
| 005 | 20250819165001.0 | ||
| 007 | t| | ||
| 008 | 070813s1968 sp |||| | spa d | ||
| 100 | 1 |
_aWoddis, Jack. _9117203 |
|
| 245 | 1 | 0 |
_aÁfrica _b: los orígenes de la revolución / _cJack Woddis ; [traducción de Gregorio Ortiz]. |
| 260 |
_aMadrid : _bCiencia Nueva, _c[1968] |
||
| 300 |
_a317 p. ; _c22 cm. |
||
| 490 | 1 |
_aLas luchas de nuestros días ; _v2 |
|
| 650 | 1 | 4 |
_aNacionalismo- _zÁfrica _915439 |
| 651 | 4 |
_aÁfrica- _xSituación social. _9146608 |
|
| 651 | 4 |
_aÁfrica- _xSituación económica. _9167843 |
|
| 700 | 1 |
_aOrtiz, Gregorio. _987559 |
|
| 830 | 0 |
_aLas luchas de nuestros días ; _v2 _9219544 |
|
| 852 |
_aES-MaACL _jG-34949 |
||
| 999 |
_c130932 _d130932 |
||